000 00895nam a2200301Ia 4500
001 Para_7399
003 CHAP
008 220125s1923 xx 000 0 und d
010 _a206266
040 _cCHAP
082 _aPA-C 634 B85
100 _aChandler, W.H.
_9172530
245 _aResults of some experiments in pruning fruit trees /
_c by W.H. Chandler
260 _aIthaca, New York :
_b Cornell University. Agricultural Experiment Station
300 _a75 p.
440 _aBulletin; 415
_9172531
500 _aEncuadernado con otros impresos similares
650 _aArboles frutales
_96668
650 _aFruticultura
_x colecciones de escritos
_9172526
650 _aPoda
_989467
901 _aPA-C 634 B85
902 _aA
905 _a0000001923 0000000000 00
910 _a1923
942 _cPARA
942 _cPARA
_d1
999 _c206266
_d206266